000 00271nam a2200097Ia 4500
005 20251222114341.0
008 251222s1900||||xx |||||||||||||| ||spa||
082 _aDVD191.3/U61A/2004
245 0 _aCambios en la Unión Europea y su repercusión en América Latina:
942 _cDVD
999 _c874
_d874